| 000 | 00868nam a2200229Ii 4500 | ||
|---|---|---|---|
| 003 | JO-AjNU | ||
| 008 | 230605s9999||||xx |||||||||||||| ||und|| | ||
| 017 | _a2014/12/5769 | ||
| 020 | _a978-9957-593-90-2 | ||
| 040 |
_aJO-AjNU _bara _erda _cJO-AjNU |
||
| 041 | _aara | ||
| 050 | 1 | 4 | _aHQ809.B336.2016 |
| 100 | 3 |
_a بحري، منى يونس, _eauthor _961512 |
|
| 245 | 0 | 0 | _aمشكلات الاسرة عنف الازواج ضد الزوجات |
| 250 | _aالطبعة الاولى | ||
| 264 | 3 | 1 | _aعمان: الدار المنهجية للنشر والتوزيع، 2016 |
| 300 |
_a192ص _b ويحتوي على قائمة مراجع من ص187-ص192 |
||
| 336 |
_atext _btxt _2rdacontent |
||
| 337 |
_aunmediated _bn _2rdamedia |
||
| 338 |
_avolume _bnc _2rdacarrier |
||
| 650 | 4 |
_aالعنف المنزلي-المرأة-المشاكل الاجتماعية _961513 |
|
| 999 |
_aA27808 _c31376 _d31376 |
||